[Event "U12-U20 French Championships"]
[Site "chess24.com"]
[Date "2019.04.17"]
[Round "5"]
[White "Nguyen-Cadoret, Nathan"]
[Black "Papadiamandis, Elliot"]
[Result "0-1"]
[Board "29"]
[WhiteElo "2211"]
[WhiteCountry "FRA"]
[WhiteFideId "36030317"]
[WhiteEloChange "-12"]
[BlackElo "2157"]
[BlackCountry "FRA"]
[BlackFideId "36074160"]
[BlackEloChange "12"]

1. d4 {[%clk 1:30:48]} Nf6 {[%clk 1:30:43]} 2. c4 {[%clk 1:30:29]} g6 {[%clk
1:30:26]} 3. Nf3 {[%clk 1:30:46]} Bg7 {[%clk 1:30:14]} 4. g3 {[%clk 1:30:55]} d5
{[%clk 1:30:12]} 5. cxd5 {[%clk 1:29:58]} Nxd5 {[%clk 1:30:31]} 6. Bg2 {[%clk
1:30:21]} Nb6 {[%clk 1:30:13]} 7. O-O {[%clk 1:20:22]} Nc6 {[%clk 1:30:07]} 8.
Nc3 {[%clk 1:06:29]} Nxd4 {[%clk 1:07:10]} 9. Nxd4 {[%clk 1:05:43]} Bxd4 {[%clk
0:53:06]} 10. Qc2 {[%clk 0:50:30]} Bf5 {[%clk 0:39:08]} 11. e4 {[%clk 0:25:21]}
Bd7 {[%clk 0:36:14]} 12. Bh6 {[%clk 0:25:10]} c5 {[%clk 0:25:22]} 13. Rfe1 {[%clk
0:09:27]} Bc6 {[%clk 0:19:13]} 14. Rad1 {[%clk 0:09:16]} Qd7 {[%clk 0:18:07]} 15.
Ne2 {[%clk 0:08:27]} Bb5 {[%clk 0:15:26]} 16. Nxd4 {[%clk 0:08:24]} cxd4 {[%clk
0:15:49]} 17. e5 {[%clk 0:04:39]} d3 {[%clk 0:13:53]} 18. Qc3 {[%clk 0:04:59]}
Rg8 {[%clk 0:11:23]} 19. e6 {[%clk 0:05:08]} fxe6 {[%clk 0:11:44]} 20. Bh3 {[%clk
0:05:14]} Nd5 {[%clk 0:11:07]} 21. Qe5 {[%clk 0:05:17]} Nc7 {[%clk 0:11:01]} 22.
Rc1 {[%clk 0:02:32]} Bc6 {[%clk 0:11:09]} 23. Red1 {[%clk 0:00:42]} Qd5 {[%clk
0:03:20]} 24. Qxd5 {[%clk 0:01:11]} exd5 {[%clk 0:03:50]} 25. Rxd3 {[%clk
0:01:29]} g5 {[%clk 0:03:38]} 26. Bg4 {[%clk 0:01:55]} Kd8 {[%clk 0:03:39]} 27.
Bf5 {[%clk 0:00:51]} Bd7 {[%clk 0:01:25]} 28. Bxd7 {[%clk 0:01:17]} Kxd7 {[%clk
0:01:54]} 29. f4 {[%clk 0:01:46]} Rg6 {[%clk 0:02:03]} 30. Bxg5 {[%clk 0:02:00]}
e6 {[%clk 0:02:09]} 31. Bh4 {[%clk 0:01:40]} Rf8 {[%clk 0:02:16]} 32. Rd4 {[%clk
0:01:04]} Nb5 {[%clk 0:02:27]} 33. Rb4 {[%clk 0:01:33]} Nd6 {[%clk 0:02:46]} 34.
Kh1 {[%clk 0:00:47]} b6 {[%clk 0:03:03]} 35. Ra4 {[%clk 0:00:45]} a5 {[%clk
0:02:51]} 36. b4 {[%clk 0:01:08]} Ra8 {[%clk 0:02:33]} 37. bxa5 {[%clk 0:01:21]}
b5 {[%clk 0:02:40]} 38. Ra3 {[%clk 0:01:10]} Nc4 {[%clk 0:02:56]} 39. Rb3 {[%clk
0:01:23]} Rxa5 {[%clk 0:03:20]} 40. Rc2 {[%clk 0:01:46]} Rg8 {[%clk 0:03:15]} 41.
Bf6 {[%clk 0:01:34]} Rga8 {[%clk 0:03:26]} 42. Bc3 {[%clk 0:01:56]} Rxa2 {[%clk
0:03:21]} 43. Rxa2 {[%clk 0:02:26]} Rxa2 {[%clk 0:03:50]} 44. Rxb5 {[%clk
0:02:54]} Rc2 {[%clk 0:03:32]} 45. Bd4 {[%clk 0:01:11]} Rd2 {[%clk 0:03:31]} 46.
Bf6 {[%clk 0:00:48]} Ne3 {[%clk 0:03:20]} 47. h3 {[%clk 0:01:15]} Kc6 {[%clk
0:02:19]} 48. Rb2 {[%clk 0:01:02]} Rd1+ {[%clk 0:02:22]} 49. Kh2 {[%clk 0:01:30]}
d4 {[%clk 0:02:35]} 50. Re2 {[%clk 0:00:36]} Kd5 {[%clk 0:02:52]} 51. g4 {[%clk
0:00:40]} Ke4 {[%clk 0:03:16]} 52. Ra2 {[%clk 0:00:37]} Kf3 {[%clk 0:03:23]} 53.
g5 {[%clk 0:00:29]} 0-1

[Event "U12-U20 French Championships"]
[Site "chess24.com"]
[Date "2019.04.17"]
[Round "5"]
[White "Maugenest, Ghislain"]
[Black "Brehaut, Carl"]
[Result "1-0"]
[Board "30"]
[WhiteElo "2167"]
[WhiteCountry "FRA"]
[WhiteFideId "36029483"]
[WhiteEloChange "3"]
[BlackElo "1861"]
[BlackCountry "FRA"]
[BlackFideId "36051691"]
[BlackEloChange "-3"]

1. d4 {[%clk 1:30:54]} Nf6 {[%clk 1:30:55]} 2. c4 {[%clk 1:31:13]} e6 {[%clk
1:31:20]} 3. Nc3 {[%clk 1:31:28]} Bb4 {[%clk 1:31:44]} 4. Qc2 {[%clk 1:31:43]} b6
{[%clk 1:32:01]} 5. Bg5 {[%clk 1:31:45]} h6 {[%clk 1:31:34]} 6. Bh4 {[%clk
1:32:03]} Bb7 {[%clk 1:31:08]} 7. a3 {[%clk 1:31:35]} Bxc3+ {[%clk 1:31:17]} 8.
Qxc3 {[%clk 1:31:56]} d6 {[%clk 1:30:42]} 9. e3 {[%clk 1:31:48]} Nbd7 {[%clk
1:29:40]} 10. f3 {[%clk 1:28:41]} Qe7 {[%clk 1:24:56]} 11. Bf2 {[%clk 1:23:33]}
O-O {[%clk 1:19:07]} 12. Bd3 {[%clk 1:22:11]} c5 {[%clk 1:14:24]} 13. dxc5 {[%clk
1:16:37]} Nxc5 {[%clk 1:14:34]} 14. Ne2 {[%clk 1:15:02]} d5 {[%clk 1:09:34]} 15.
O-O {[%clk 1:11:47]} Rac8 {[%clk 1:06:46]} 16. Rac1 {[%clk 1:04:47]} Nxd3 {[%clk
1:04:41]} 17. Qxd3 {[%clk 1:05:11]} dxc4 {[%clk 1:04:42]} 18. Qc2 {[%clk
1:04:30]} Rfd8 {[%clk 0:58:24]} 19. Rfd1 {[%clk 1:03:12]} Rd7 {[%clk 0:54:05]}
20. Qa4 {[%clk 1:00:20]} Rdc7 {[%clk 0:47:01]} 21. Rd4 {[%clk 0:51:27]} Bc6
{[%clk 0:42:16]} 22. Qb4 {[%clk 0:46:32]} Qxb4 {[%clk 0:40:35]} 23. axb4 {[%clk
0:46:31]} Be8 {[%clk 0:32:36]} 24. Bg3 {[%clk 0:29:41]} Rd7 {[%clk 0:31:41]} 25.
Ra1 {[%clk 0:26:18]} Rxd4 {[%clk 0:31:29]} 26. Nxd4 {[%clk 0:26:35]} c3 {[%clk
0:20:15]} 27. bxc3 {[%clk 0:26:09]} Rxc3 {[%clk 0:20:40]} 28. Kf2 {[%clk
0:24:53]} Nd7 {[%clk 0:15:12]} 29. Rxa7 {[%clk 0:21:38]} e5 {[%clk 0:13:51]} 30.
Nf5 {[%clk 0:21:09]} Rc2+ {[%clk 0:12:58]} 31. Kf1 {[%clk 0:19:51]} Rc1+ {[%clk
0:01:55]} 32. Ke2 {[%clk 0:20:12]} Nf8 {[%clk 0:01:57]} 33. Kd2 {[%clk 0:17:37]}
Rg1 {[%clk 0:01:53]} 34. Ne7+ {[%clk 0:17:59]} Kh7 {[%clk 0:02:17]} 35. Ra8
{[%clk 0:18:25]} Rxg2+ {[%clk 0:02:33]} 36. Kc3 {[%clk 0:18:30]} Bb5 {[%clk
0:02:10]} 37. Rxf8 {[%clk 0:18:55]} Re2 {[%clk 0:02:35]} 38. Nd5 {[%clk 0:18:10]}
Bc6 {[%clk 0:02:30]} 39. e4 {[%clk 0:18:11]} f6 {[%clk 0:02:04]} 40. Rc8 {[%clk
0:18:18]} Bb5 {[%clk 0:02:07]} 41. Rb8 {[%clk 0:18:22]} Ba4 {[%clk 0:01:32]} 42.
Rxb6 {[%clk 0:18:41]} Rc2+ {[%clk 0:01:50]} 43. Kd3 {[%clk 0:19:07]} Rc1 {[%clk
0:01:06]} 44. Nc3 {[%clk 0:18:44]} Bb3 {[%clk 0:01:22]} 45. f4 {[%clk 0:18:32]}
exf4 {[%clk 0:01:35]} 46. Bxf4 {[%clk 0:19:00]} Rf1 {[%clk 0:01:57]} 47. Be3
{[%clk 0:19:09]} Rh1 {[%clk 0:02:16]} 48. Rc6 {[%clk 0:19:06]} Rxh2 {[%clk
0:02:34]} 49. b5 {[%clk 0:19:31]} Rb2 {[%clk 0:02:29]} 50. b6 {[%clk 0:19:50]}
Bc2+ {[%clk 0:02:52]} 51. Kc4 {[%clk 0:20:00]} h5 {[%clk 0:03:02]} 52. Rd6 {[%clk
0:18:34]} h4 {[%clk 0:03:03]} 53. Rd2 {[%clk 0:16:41]} h3 {[%clk 0:03:14]} 54.
Bg1 {[%clk 0:16:12]} g5 {[%clk 0:01:52]} 55. Kc5 {[%clk 0:15:53]} g4 {[%clk
0:01:36]} 56. Bh2 {[%clk 0:16:14]} Kg6 {[%clk 0:01:30]} 57. Nb5 {[%clk 0:14:34]}
Rxb5+ {[%clk 0:00:42]} 58. Kxb5 {[%clk 0:14:59]} Bxe4 {[%clk 0:01:45]} 59. Kc5
{[%clk 0:15:13]} f5 {[%clk 0:02:03]} 60. Bf4 {[%clk 0:15:26]} Kf6 {[%clk
0:02:02]} 61. Kd6 {[%clk 0:15:49]} Bf3 {[%clk 0:02:05]} 62. Kc7 {[%clk 0:16:11]}
Ke6 {[%clk 0:02:18]} 63. b7 {[%clk 0:16:36]} Bxb7 {[%clk 0:02:45]} 64. Kxb7
{[%clk 0:17:03]} Kf6 {[%clk 0:02:52]} 65. Rd6+ {[%clk 0:00:05]} Kf7 {[%clk
0:03:15]} 66. Kc6 {[%clk 0:17:55]} 1-0

[Event "U12-U20 French Championships"]
[Site "chess24.com"]
[Date "2019.04.17"]
[Round "5"]
[White "Cornileau, Juliette"]
[Black "Kuhn, Mathilde"]
[Result "1-0"]
[Board "32"]
[WhiteElo "1705"]
[WhiteCountry "FRA"]
[WhiteFideId "36083372"]
[WhiteEloChange "7"]
[BlackElo "1608"]
[BlackCountry "FRA"]
[BlackFideId "36099783"]
[BlackEloChange "-7"]

1. d4 {[%clk 1:30:55]} Nf6 {[%clk 1:30:53]} 2. Nf3 {[%clk 1:31:12]} g6 {[%clk
1:31:00]} 3. Bg5 {[%clk 1:28:20]} Bg7 {[%clk 1:30:15]} 4. e3 {[%clk 1:28:02]} d6
{[%clk 1:29:21]} 5. Be2 {[%clk 1:25:18]} O-O {[%clk 1:28:45]} 6. Nbd2 {[%clk
1:24:08]} Nbd7 {[%clk 1:27:18]} 7. O-O {[%clk 1:22:45]} b6 {[%clk 1:25:22]} 8. c3
{[%clk 1:20:05]} Bb7 {[%clk 1:24:31]} 9. Bd3 {[%clk 1:18:34]} h6 {[%clk 1:18:58]}
10. Bh4 {[%clk 1:17:41]} e5 {[%clk 1:14:07]} 11. e4 {[%clk 1:03:41]} Qe8 {[%clk
1:03:10]} 12. Re1 {[%clk 0:59:40]} Nh5 {[%clk 0:59:22]} 13. Qc2 {[%clk 0:39:26]}
Nf4 {[%clk 0:53:17]} 14. Bc4 {[%clk 0:38:37]} g5 {[%clk 0:42:30]} 15. Bg3 {[%clk
0:38:31]} Qe7 {[%clk 0:39:38]} 16. Nf1 {[%clk 0:28:24]} Nf6 {[%clk 0:35:45]} 17.
Bxf4 {[%clk 0:21:03]} gxf4 {[%clk 0:27:45]} 18. dxe5 {[%clk 0:01:59]} dxe5 {[%clk
0:26:46]} 19. N1d2 {[%clk 0:13:21]} Nd7 {[%clk 0:22:13]} 20. Rad1 {[%clk
0:11:40]} Rad8 {[%clk 0:21:21]} 21. b4 {[%clk 0:08:57]} a6 {[%clk 0:15:51]} 22.
g3 {[%clk 0:07:53]} fxg3 {[%clk 0:15:07]} 23. hxg3 {[%clk 0:06:52]} c5 {[%clk
0:14:08]} 24. a3 {[%clk 0:05:43]} b5 {[%clk 0:12:31]} 25. Bf1 {[%clk 0:05:50]}
Rc8 {[%clk 0:11:35]} 26. Qb3 {[%clk 0:05:24]} c4 {[%clk 0:09:57]} 27. Qc2 {[%clk
0:05:39]} a5 {[%clk 0:09:00]} 28. Nh4 {[%clk 0:05:42]} axb4 {[%clk 0:08:34]} 29.
axb4 {[%clk 0:05:53]} Nf6 {[%clk 0:06:22]} 30. Nf5 {[%clk 0:04:40]} Qc7 {[%clk
0:05:27]} 31. Bg2 {[%clk 0:02:21]} Rcd8 {[%clk 0:04:29]} 32. Nf1 {[%clk 0:02:41]}
Rxd1 {[%clk 0:03:14]} 33. Rxd1 {[%clk 0:03:03]} Rd8 {[%clk 0:03:18]} 34. f3
{[%clk 0:01:01]} Qb6+ {[%clk 0:02:20]} 35. Kh2 {[%clk 0:00:52]} Rxd1 {[%clk
0:02:29]} 36. Qxd1 {[%clk 0:01:21]} Bf8 {[%clk 0:02:08]} 37. N1e3 {[%clk
0:01:41]} Bc8 {[%clk 0:01:56]} 38. Qd2 {[%clk 0:01:48]} Bxf5 {[%clk 0:01:35]} 39.
Nxf5 {[%clk 0:02:00]} Kh7 {[%clk 0:01:46]} 40. Bh3 {[%clk 0:01:20]} Qc7 {[%clk
0:01:14]} 41. Bg2 {[%clk 0:01:02]} Qd7 {[%clk 0:01:12]} 42. Qa2 {[%clk 0:01:07]}
Qd3 {[%clk 0:00:48]} 43. Qa7 {[%clk 0:00:34]} Qd7 {[%clk 0:00:51]} 44. Qb8 {[%clk
0:00:44]} Qe8 {[%clk 0:00:35]} 45. Qb6 {[%clk 0:00:37]} Bg7 {[%clk 0:00:34]} 46.
Bh3 {[%clk 0:00:32]} Qd7 {[%clk 0:00:32]} 47. Qf2 {[%clk 0:00:31]} Qd3 {[%clk
0:00:46]} 48. Bg2 {[%clk 0:00:35]} Qxc3 {[%clk 0:01:04]} 49. Qa7 {[%clk 0:00:52]}
Kg8 {[%clk 0:00:45]} 50. Qb8+ {[%clk 0:01:02]} Kh7 {[%clk 0:00:59]} 51. Qxb5
{[%clk 0:00:55]} Qd3 {[%clk 0:01:02]} 52. Qb7 {[%clk 0:00:41]} Qd7 {[%clk
0:01:17]} 53. Qxd7 {[%clk 0:00:53]} Nxd7 {[%clk 0:01:41]} 54. Bf1 {[%clk
0:00:35]} c3 {[%clk 0:01:15]} 55. Bd3 {[%clk 0:00:32]} Bf8 {[%clk 0:01:36]} 56.
b5 {[%clk 0:00:42]} Nc5 {[%clk 0:01:21]} 57. Bc2 {[%clk 0:01:07]} Nd7 {[%clk
0:01:17]} 58. Ne3 {[%clk 0:01:21]} Bc5 {[%clk 0:01:15]} 59. Nd5 {[%clk 0:01:45]}
Bd4 {[%clk 0:01:19]} 60. f4 {[%clk 0:01:25]} exf4 {[%clk 0:01:30]} 61. gxf4
{[%clk 0:01:45]} f6 {[%clk 0:01:46]} 62. e5+ {[%clk 0:00:53]} Kg7 {[%clk
0:01:36]} 63. e6 {[%clk 0:01:04]} Nb6 {[%clk 0:00:35]} 64. e7 {[%clk 0:00:56]}
Kf7 {[%clk 0:00:32]} 65. Bg6+ {[%clk 0:01:13]} Kxg6 {[%clk 0:00:48]} 66. e8Q+
{[%clk 0:01:36]} Kf5 {[%clk 0:01:07]} 67. Nxb6 {[%clk 0:01:34]} Bxb6 {[%clk
0:01:31]} 68. Qd7+ {[%clk 0:01:43]} Kg6 {[%clk 0:01:12]} 69. Qd3+ {[%clk
0:02:03]} 1-0

[Event "U12-U20 French Championships"]
[Site "chess24.com"]
[Date "2019.04.17"]
[Round "5"]
[White "Gattegno-Graciet, Maylis"]
[Black "Favarel-Lubeigt, Helina"]
[Result "0-1"]
[Board "33"]
[WhiteElo "1565"]
[WhiteCountry "FRA"]
[WhiteFideId "36074918"]
[WhiteEloChange "-10"]
[BlackElo "1573"]
[BlackCountry "FRA"]
[BlackFideId "36044644"]
[BlackEloChange "10"]

1. d4 {[%clk 1:30:57]} Nf6 {[%clk 1:30:47]} 2. Bf4 {[%clk 1:31:03]} g6 {[%clk
1:30:50]} 3. e3 {[%clk 1:30:53]} Bg7 {[%clk 1:30:58]} 4. Nf3 {[%clk 1:30:08]} O-O
{[%clk 1:30:59]} 5. c4 {[%clk 1:29:30]} d5 {[%clk 1:30:38]} 6. Nc3 {[%clk
1:29:15]} c5 {[%clk 1:29:04]} 7. Be2 {[%clk 1:22:13]} Nc6 {[%clk 1:23:55]} 8. Ne5
{[%clk 1:17:37]} Qb6 {[%clk 1:17:52]} 9. Nxc6 {[%clk 1:14:09]} bxc6 {[%clk
1:15:21]} 10. Qd2 {[%clk 1:12:34]} cxd4 {[%clk 1:10:31]} 11. exd4 {[%clk
1:08:04]} dxc4 {[%clk 1:08:54]} 12. Bxc4 {[%clk 1:07:09]} Rd8 {[%clk 1:05:09]}
13. Be5 {[%clk 1:05:41]} Qb7 {[%clk 0:53:20]} 14. O-O {[%clk 1:05:02]} Bf5 {[%clk
0:52:33]} 15. Rac1 {[%clk 1:03:02]} c5 {[%clk 0:48:18]} 16. d5 {[%clk 0:53:45]}
Qb4 {[%clk 0:42:18]} 17. Qe2 {[%clk 0:49:28]} Bg4 {[%clk 0:31:09]} 18. f3 {[%clk
0:48:10]} Bd7 {[%clk 0:31:00]} 19. b3 {[%clk 0:45:09]} Qb6 {[%clk 0:30:02]} 20.
Rfd1 {[%clk 0:43:24]} Bh6 {[%clk 0:29:18]} 21. Ra1 {[%clk 0:42:05]} Be8 {[%clk
0:26:56]} 22. d6 {[%clk 0:37:26]} Bf8 {[%clk 0:19:22]} 23. dxe7 {[%clk 0:31:44]}
Bxe7 {[%clk 0:19:38]} 24. Bg3 {[%clk 0:25:50]} Bf8 {[%clk 0:19:19]} 25. Rxd8
{[%clk 0:25:25]} Rxd8 {[%clk 0:19:24]} 26. Rd1 {[%clk 0:25:37]} Bg7 {[%clk
0:18:12]} 27. Be5 {[%clk 0:25:00]} Bc6 {[%clk 0:15:18]} 28. Rxd8+ {[%clk
0:20:30]} Qxd8 {[%clk 0:15:39]} 29. Qd3 {[%clk 0:18:12]} Qe7 {[%clk 0:14:44]} 30.
Qe2 {[%clk 0:14:13]} Qd7 {[%clk 0:12:47]} 31. Kf1 {[%clk 0:13:15]} Kf8 {[%clk
0:12:03]} 32. Qd3 {[%clk 0:13:35]} Qxd3+ {[%clk 0:11:46]} 33. Bxd3 {[%clk
0:13:53]} Ke7 {[%clk 0:11:48]} 34. Bc4 {[%clk 0:13:42]} Bh6 {[%clk 0:11:40]} 35.
Ke2 {[%clk 0:13:57]} Nd7 {[%clk 0:11:47]} 36. Bg3 {[%clk 0:14:15]} Bg7 {[%clk
0:11:46]} 37. Nb5 {[%clk 0:13:17]} Bxb5 {[%clk 0:11:18]} 38. Bxb5 {[%clk
0:13:41]} Bd4 {[%clk 0:10:43]} 39. Bf2 {[%clk 0:13:27]} Bxf2 {[%clk 0:10:28]} 40.
Kxf2 {[%clk 0:13:53]} Nb6 {[%clk 0:10:26]} 41. Ke3 {[%clk 0:13:48]} Kd6 {[%clk
0:10:19]} 42. Kd3 {[%clk 0:13:47]} f6 {[%clk 0:10:23]} 43. a3 {[%clk 0:13:46]} h6
{[%clk 0:10:06]} 44. f4 {[%clk 0:13:37]} g5 {[%clk 0:09:44]} 45. fxg5 {[%clk
0:13:29]} hxg5 {[%clk 0:09:52]} 46. g4 {[%clk 0:13:26]} Ke5 {[%clk 0:10:00]} 47.
h3 {[%clk 0:12:57]} Kf4 {[%clk 0:09:12]} 48. Kd2 {[%clk 0:12:31]} Kg3 {[%clk
0:07:22]} 49. Bd3 {[%clk 0:12:29]} Nd5 {[%clk 0:06:55]} 50. Bf5 {[%clk 0:12:11]}
Kxh3 {[%clk 0:05:02]} 51. Kd3 {[%clk 0:12:32]} Kg3 {[%clk 0:04:51]} 52. Bd7
{[%clk 0:12:12]} Kf4 {[%clk 0:04:54]} 53. Bc8 {[%clk 0:11:41]} Ne3 {[%clk
0:04:32]} 54. Kc3 {[%clk 0:10:53]} f5 {[%clk 0:04:25]} 55. gxf5 {[%clk 0:11:05]}
Nxf5 {[%clk 0:04:47]} 56. Bxf5 {[%clk 0:11:07]} Kxf5 {[%clk 0:05:12]} 57. Kc4
{[%clk 0:11:23]} Ke4 {[%clk 0:05:32]} 58. Kxc5 {[%clk 0:11:41]} g4 {[%clk
0:05:55]} 59. Kb5 {[%clk 0:12:06]} g3 {[%clk 0:06:20]} 60. b4 {[%clk 0:12:21]} g2
{[%clk 0:06:40]} 61. a4 {[%clk 0:12:46]} g1Q {[%clk 0:07:01]} 62. a5 {[%clk
0:12:47]} Qf1+ {[%clk 0:07:22]} 63. Kc5 {[%clk 0:13:03]} a6 {[%clk 0:07:39]} 64.
Kb6 {[%clk 0:12:57]} Qb5+ {[%clk 0:08:03]} 65. Ka7 {[%clk 0:12:45]} Qc6 {[%clk
0:08:18]} 66. Kb8 {[%clk 0:12:59]} Kd5 {[%clk 0:08:33]} 67. Ka7 {[%clk 0:13:18]}
Kd6 {[%clk 0:08:56]} 68. Kb8 {[%clk 0:13:37]} Kd7 {[%clk 0:08:53]} 69. Ka7 {[%clk
0:13:48]} Kc7 {[%clk 0:09:05]} 70. b5 {[%clk 0:14:16]} Qb7# {[%clk 0:00:08]} 0-1

[Event "U12-U20 French Championships"]
[Site "chess24.com"]
[Date "2019.04.17"]
[Round "5"]
[White "Maurizzi, Marc Andria"]
[Black "Mekhane, Adam"]
[Result "1-0"]
[Board "35"]
[WhiteTitle "FM"]
[WhiteElo "2276"]
[WhiteCountry "FRA"]
[WhiteFideId "36083534"]
[WhiteEloChange "3"]
[BlackElo "1995"]
[BlackCountry "FRA"]
[BlackFideId "36050601"]
[BlackEloChange "-3"]

1. e4 {[%clk 1:30:57]} c5 {[%clk 1:30:47]} 2. Nf3 {[%clk 1:31:20]} Nc6 {[%clk
1:31:06]} 3. Nc3 {[%clk 1:31:43]} g6 {[%clk 1:27:22]} 4. Bb5 {[%clk 1:31:33]} Bg7
{[%clk 1:26:15]} 5. O-O {[%clk 1:31:48]} Nd4 {[%clk 1:22:59]} 6. Ba4 {[%clk
1:32:15]} a6 {[%clk 1:19:40]} 7. Nxd4 {[%clk 1:32:40]} cxd4 {[%clk 0:00:39]} 8.
Ne2 {[%clk 0:59:51]} b5 {[%clk 0:00:58]} 9. Bb3 {[%clk 1:00:16]} d3 {[%clk
0:01:28]} 10. cxd3 {[%clk 1:00:46]} Bb7 {[%clk 0:01:53]} 11. f4 {[%clk 0:46:04]}
e6 12. Ng3 {[%clk 0:36:42]} Ne7 13. d4 {[%clk 0:26:42]} Bxd4+ 14. Kh1 {[%clk
0:27:12]} d5 15. e5 {[%clk 0:21:31]} Nf5 16. Ne2 {[%clk 0:05:21]} Bb6 17. d4
{[%clk 0:05:46]} h5 18. Bc2 {[%clk 0:06:06]} h4 19. Bxf5 {[%clk 0:06:31]} gxf5
20. a4 {[%clk 0:02:59]} b4 21. a5 {[%clk 0:03:29]} Ba7 22. Bd2 {[%clk 0:00:30]}
Bc6 23. Bxb4 {[%clk 0:01:00]} Rb8 24. Bc3 {[%clk 0:01:30]} Bb5 25. h3 {[%clk
0:02:00]} Rg8 26. Rf2 {[%clk 0:00:22]} Rc8 27. Ng1 Rh8 28. Nf3 Rc4 29. Qe1 Kd7
30. Rd2 Qe7 31. Rdd1 Qd8 32. Ng5 Ke8 33. Nf3 Kd7 34. Rdc1 Ke8 35. Qd2 {[%clk
0:00:16]} Kd7 36. b3 {[%clk 0:00:46]} Rc6 37. Bb4 {[%clk 0:00:41]} Qg8 38. Ba3
Qd8 39. Qb4 {[%clk 0:00:25]} Kc7 40. Rxc6+ {[%clk 0:00:49]} Kxc6 41. Rc1+ Kb7 42.
Qc3 Qd7 43. Bd6 Rc8 44. Qxc8+ {[%clk 0:00:10]} Qxc8 45. Rxc8 {[%clk 0:00:40]}
Kxc8 46. Bc5 {[%clk 0:01:10]} Bxc5 47. dxc5 {[%clk 0:01:40]} Bd3 48. Nd4 {[%clk
0:02:10]} Kc7 49. g3 {[%clk 0:02:40]} hxg3 50. Kg2 {[%clk 0:03:10]} Bb5 51. Nxb5+
{[%clk 0:03:05]} axb5 52. b4 {[%clk 0:03:29]} d4 53. Kxg3 {[%clk 0:03:34]} Kc6
54. a6 {[%clk 0:03:54]} Kc7 55. h4 {[%clk 0:04:18]} Kc6 56. h5 {[%clk 0:04:43]}
d3 57. Kf3 {[%clk 0:05:03]} d2 58. Ke2 {[%clk 0:05:33]} d1Q+ 59. Kxd1 {[%clk
0:05:58]} f6 60. h6 {[%clk 0:06:18]} fxe5 61. h7 {[%clk 0:06:43]} exf4 62. h8Q
{[%clk 0:07:06]} f3 63. a7 {[%clk 0:07:26]} 1-0

[Event "U12-U20 French Championships"]
[Site "chess24.com"]
[Date "2019.04.17"]
[Round "5"]
[White "Tulliez, Andre"]
[Black "Bat, Bilguun"]
[Result "0-1"]
[Board "36"]
[WhiteElo "1772"]
[WhiteCountry "FRA"]
[WhiteFideId "45107181"]
[WhiteEloChange "-2"]
[BlackElo "2163"]
[BlackCountry "FRA"]
[BlackFideId "45120498"]
[BlackEloChange "2"]

1. e4 {[%clk 1:30:58]} c5 {[%clk 1:30:45]} 2. Nf3 {[%clk 1:31:23]} a6 {[%clk
1:31:08]} 3. c4 {[%clk 1:27:29]} e6 {[%clk 0:01:01]} 4. Nc3 {[%clk 1:26:42]} Qc7
{[%clk 1:31:01]} 5. Be2 {[%clk 1:26:12]} b6 {[%clk 1:31:18]} 6. O-O {[%clk
1:25:53]} Bb7 {[%clk 1:31:36]} 7. d3 {[%clk 0:04:53]} d6 {[%clk 0:01:40]} 8. Be3
{[%clk 1:23:06]} Nf6 {[%clk 0:01:49]} 9. h3 {[%clk 0:03:00]} Be7 10. Qd2 {[%clk
0:01:57]} Nbd7 11. Rac1 {[%clk 1:15:33]} O-O 12. Rfd1 {[%clk 0:04:30]} Rac8 13.
Qc2 {[%clk 1:08:35]} d5 14. exd5 {[%clk 1:04:45]} exd5 15. cxd5 {[%clk 1:04:49]}
b5 16. d4 {[%clk 0:58:03]} c4 17. a4 {[%clk 0:48:04]} b4 18. Nb1 {[%clk 0:44:39]}
Bxd5 19. Nfd2 {[%clk 0:39:24]} Qb7 20. Bf3 {[%clk 0:35:25]} Bxf3 21. Nxf3 {[%clk
0:35:34]} Qd5 22. Qe2 {[%clk 0:17:37]} Nb6 23. Nfd2 {[%clk 0:15:53]} a5 24. Re1
{[%clk 0:04:05]} Bd6 25. Qd1 {[%clk 0:03:39]} Rfe8 26. Nf3 {[%clk 0:03:16]} Qf5
27. Ne5 Nfd5 28. Nd2 c3 29. bxc3 Nxc3 30. Qb3 Ne2+ 31. Rxe2 Rxc1+ 32. Kh2 Bxe5+
33. dxe5 Qxe5+ 34. g3 Qd5 35. Qxd5 Nxd5 36. Nb3 Rc3 37. Rb2 Nxe3 38. fxe3 Rcxe3
39. Nd4 g6 40. h4 R8e4 0-1

[Event "U12-U20 French Championships"]
[Site "chess24.com"]
[Date "2019.04.17"]
[Round "5"]
[White "Ider, Bayar"]
[Black "Kuhn, Clement"]
[Result "1-0"]
[Board "37"]
[WhiteElo "1609"]
[WhiteCountry "FRA"]
[WhiteFideId "45106983"]
[WhiteEloChange "17"]
[BlackTitle "CM"]
[BlackElo "1936"]
[BlackCountry "FRA"]
[BlackFideId "36099775"]
[BlackEloChange "-17"]

1. d4 {[%clk 1:30:53]} Nf6 {[%clk 1:30:52]} 2. Nf3 {[%clk 1:30:59]} g6 {[%clk
1:31:15]} 3. e3 {[%clk 1:31:21]} Bg7 {[%clk 1:31:38]} 4. b4 {[%clk 1:31:41]} O-O
{[%clk 1:31:27]} 5. Bb2 {[%clk 1:32:00]} d6 {[%clk 1:30:58]} 6. Be2 {[%clk
1:32:18]} Nbd7 {[%clk 1:31:04]} 7. c4 {[%clk 1:32:27]} a6 {[%clk 1:30:27]} 8. a4
{[%clk 1:32:26]} b6 {[%clk 1:28:59]} 9. Nc3 {[%clk 1:32:27]} Bb7 {[%clk 1:29:23]}
10. Qc2 {[%clk 1:32:19]} e5 {[%clk 1:27:34]} 11. O-O {[%clk 1:28:30]} Qe7 {[%clk
1:25:47]} 12. a5 {[%clk 1:26:00]} Ne8 {[%clk 1:20:01]} 13. Nd5 {[%clk 1:24:14]}
Qd8 {[%clk 1:14:30]} 14. Rfd1 {[%clk 1:22:36]} Bxd5 {[%clk 1:09:25]} 15. cxd5
{[%clk 1:22:53]} b5 {[%clk 1:09:35]} 16. Rac1 {[%clk 1:21:55]} f5 {[%clk
1:03:11]} 17. dxe5 {[%clk 1:18:10]} dxe5 {[%clk 1:02:28]} 18. h4 {[%clk 1:17:45]}
h6 {[%clk 1:00:29]} 19. Qb3 {[%clk 1:14:59]} Nd6 {[%clk 0:53:41]} 20. Rc6 {[%clk
1:14:16]} g5 {[%clk 0:50:24]} 21. hxg5 {[%clk 1:12:52]} hxg5 {[%clk 0:50:45]} 22.
Rdc1 {[%clk 1:11:58]} g4 {[%clk 0:51:02]} 23. Ne1 {[%clk 1:11:56]} Ra7 {[%clk
0:44:23]} 24. Qc2 {[%clk 1:03:46]} g3 {[%clk 0:42:19]} 25. Nf3 {[%clk 0:51:33]}
Bh6 {[%clk 0:35:19]} 26. Rxc7 {[%clk 0:46:44]} gxf2+ {[%clk 0:35:36]} 27. Kxf2
{[%clk 0:45:51]} Rxc7 {[%clk 0:31:10]} 28. Qxc7 {[%clk 0:46:08]} Bxe3+ {[%clk
0:31:30]} 29. Kxe3 {[%clk 0:03:17]} Nc4+ {[%clk 0:31:54]} 30. Rxc4 {[%clk
0:43:44]} bxc4 {[%clk 0:31:37]} 31. Qxd8 {[%clk 0:43:38]} Rxd8 {[%clk 0:31:58]}
32. Bxc4 {[%clk 0:44:02]} Rb8 {[%clk 0:26:20]} 33. Nxe5 {[%clk 0:30:36]} Rxb4
{[%clk 0:19:52]} 34. d6+ {[%clk 0:29:34]} Kh7 {[%clk 0:19:03]} 35. Nxd7 {[%clk
0:29:46]} Rxb2 {[%clk 0:19:06]} 36. Nb6 {[%clk 0:29:58]} f4+ {[%clk 0:18:54]} 37.
Kd4 {[%clk 0:27:59]} Rd2+ {[%clk 0:18:32]} 38. Bd3+ {[%clk 0:28:17]} Kg7 {[%clk
0:18:36]} 39. d7 {[%clk 0:28:16]} Rxg2 {[%clk 0:19:01]} 40. d8Q {[%clk 0:28:35]}
f3 {[%clk 0:19:17]} 41. Qd7+ {[%clk 0:28:47]} Kh6 {[%clk 0:19:26]} 42. Qh3+
{[%clk 0:29:04]} Kg7 {[%clk 0:19:52]} 43. Qxf3 {[%clk 0:29:25]} Rg5 {[%clk
0:20:15]} 44. Qb7+ {[%clk 0:29:32]} Kf6 {[%clk 0:20:29]} 45. Nd5+ {[%clk
0:29:46]} Rxd5+ {[%clk 0:20:38]} 46. Qxd5 {[%clk 0:30:08]} Kg7 {[%clk 0:21:04]}
47. Ke5 {[%clk 0:29:33]} Kh8 {[%clk 0:21:27]} 48. Qe4 {[%clk 0:29:36]} Kg7 {[%clk
0:21:52]} 49. Qh7+ {[%clk 0:29:43]} Kf8 {[%clk 0:22:12]} 50. Kd5 {[%clk 0:00:43]}
Ke8 {[%clk 0:00:09]} 1-0